VMI Basketball: Top 10 All-Time Leaders - Statistics

General Stats
  • This quiz has been taken 3 times
  • The average score is 36 of 90
Answer Stats
Category # Player Amount % Correct
Points 2 Gay Elmore 2,422
67%
Points Per Game 2 Gay Elmore 21.4
67%
Rebounds 9 Jake Stephens 730
67%
Blocks 5 Jake Stephens 153
67%
Games T9 Jake Stephens 120
67%
Points 10 Ramon Williams 1,630
67%
Three Pointers Made 8 Ramon Williams 206
67%
Points 1 Reggie Williams 2,556
67%
Rebounds 5 Reggie Williams 820
67%
Assists 7 Reggie Williams 379
67%
Steals 8 Reggie Williams 175
67%
Field Goal Percent 7 Reggie Williams 49.8%
67%
Points Per Game 1 Reggie Williams 22.8
67%
Points 3 Ron Carter 2,228
67%
Rebounds 6 Ron Carter 809
67%
Field Goal Percent 6 Ron Carter 51.8%
67%
Points Per Game 6 Ron Carter 19.2
67%
Steals 6 Aaron Demory 180
33%
Field Goal Percent 8 Andy Kolesar 49.6%
33%
Points 8 Austin Kenon 1,767
33%
Three Pointers Made 1 Austin Kenon 349
33%
Rebounds 3 Bill Ralph 919
33%
Assists 4 Bobby Prince 452
33%
Three Pointers Made T9 Brian Brown 203
33%
Points Per Game 7 Bubba Parham 18.1
33%
Rebounds 10 Charlie Schmaus 715
33%
Points Per Game 4 Charlie Schmaus 19.5
33%
Points 6 Chavis Holmes 2,065
33%
Steals 2 Chavis Holmes 304
33%
Three Pointers Made 3 Chavis Holmes 306
33%
Points Per Game 10 Chavis Holmes 17.4
33%
Assists 10 Darryl Faulkner 333
33%
Rebounds 1 Dave Montgomery 1,068
33%
Field Goal Percent 2 Dave Montgomery 58.0%
33%
Rebounds 8 D.J. Covington 747
33%
Blocks 1 D.J. Covington 272
33%
Field Goal Percent 1 D.J. Covington 58.2%
33%
Rebounds 4 Eric Mann 841
33%
Blocks 4 Eric Mann 184
33%
Blocks 6 Fred Iruafemi 115
33%
Games T3 Garrett Gilkeson 124
33%
Steals 3 Jason Bell 240
33%
Field Goal Percent 10 John Krovic 49.2%
33%
Points Per Game 8 John Mitchell 17.7
33%
Games 1 Jordan Weethee 127
33%
Three Pointers Made 5 Kamdyn Curfman 270
33%
Rebounds 7 Karl Klinar 760
33%
Points 7 Keith Gabriel 1,925
33%
Steals 4 Keith Gabriel 212
33%
Blocks 9 Keith Gabriel 99
33%
Three Pointers Made 2 Keith Gabriel 311
33%
Games T3 Keith Gabriel 124
33%
Assists 9 Kelly Lombard 345
33%
Blocks 2 Lewis Preston 202
33%
Field Goal Percent 5 Lewis Preston 52.3%
33%
Blocks 10 Matt Murrer 89
33%
Field Goal Percent 3 Matt Murrer 54.1%
33%
Three Pointers Made 6 Michael Sparks 227
33%
Games T3 Michael Sparks 124
33%
Assists 3 Mike Huffman 480
33%
Points Per Game 3 Norm Halberstadt 21.2
33%
Assists 5 Percy Covington 432
33%
Steals 5 Percy Covington 196
33%
Blocks 3 Phillip Anglade 194
33%
Games 2 Phillip Anglade 126
33%
Points 4 QJ Peterson 2,200
33%
Steals 7 QJ Peterson 177
33%
Three Pointers Made 4 QJ Peterson 283
33%
Points Per Game 5 QJ Peterson 19.5
33%
Assists 1 Richard Little 608
33%
Assists 2 Rodney Glasgow 530
33%
Three Pointers Made T9 Rodney Glasgow 203
33%
Games T9 Rodney Glasgow 120
33%
Assists 6 Ron Burks 382
33%
Steals 9 Ron Burks 170
33%
Points 5 Stan Okoye 2,146
33%
Rebounds 2 Stan Okoye 962
33%
Blocks 8 Stan Okoye 103
33%
Field Goal Percent 9 Stan Okoye 49.6%
33%
Points Per Game 9 Stan Okoye 17.4
33%
Games T6 Stan Okoye 123
33%
Blocks 7 Tim Allmond 110
33%
Three Pointers Made 7 Tim Marshall 215
33%
Games T6 Tim Marshall 123
33%
Points 9 Travis Holmes 1,733
33%
Assists 8 Travis Holmes 358
33%
Steals 1 Travis Holmes 309
33%
Games 8 Trey Chapman 121
33%
Field Goal Percent 4 Will Bynum 52.7%
33%
Steals 10 Willie Bell 169
33%
No matching quizzes found
Score Distribution
Percent of People with Each Score
Percentile by Number Answered
Your Score History
You have not taken this quiz